Bourdieu: una herencia para reflexionar /

Shranjeno v:
Bibliografske podrobnosti
Glavni avtor: Infante Bonfiglio, José María
Format: Texto
Teme:
Oznake: Označite
Brez oznak, prvi označite!

MARC

LEADER 00000 a a2200000 04500
001 18742
003
040
100 |a Infante Bonfiglio, José María  
245 |a Bourdieu:   |b una herencia para reflexionar /  |c José María Infante Bonfiglio 
650 |a SOCIOLOGOS  
650 |a RESEÑAS BIBLIOGRAFICAS  
773 |g volumen 4, número 10; páginas6-8  
999 |c 26255  |d 26255